| 000 | 01298nam a2200325 i 4500 | ||
|---|---|---|---|
| 003 | IT-RoINE | ||
| 005 | 20190129071859.0 | ||
| 008 | 051220s2005 sp | r o||| ||spa d | ||
| 020 | _a8496373584 | ||
| 040 |
_aSpMaBN _cSpMaBN IT-RoINE _dIT-RoINE |
||
| 041 | 0 |
_aspa _alat |
|
| 100 | 1 |
_aArias Montano, Benito, _d1527-1598 _91072 |
|
| 245 | 1 | 0 |
_aVirorum doctorum de disciplinis benemerentium effigies XLIIII = _bCuarenta y cuatro retratos de sabios beneméritos en las artes liberales / _cBenito Arias Montano, Philips Galle ; edición, Luis Gómez Canseco, Fernando Navarro Antolín |
| 246 | 3 | 1 | _aCuarenta y cuatro retratos de sabios beneméritos en las artes liberales |
| 260 |
_a[Huelva] : _bUniversidad de Huelva, _c[2005] |
||
| 300 |
_a316 p. : _bil. ; _c23 cm. |
||
| 336 |
_2rdacontent _atext |
||
| 337 |
_2rdamedia _aunmediated |
||
| 338 |
_2rdacarrier _avolume |
||
| 490 | 1 |
_aBibliotheca montaniana ; _v11 |
|
| 500 | _aIncluye índices. | ||
| 504 | _aBibliografía: p. 105-112. | ||
| 546 | _aTexto en español y latín | ||
| 650 | 4 |
_aHumanistas _xRetratos _956565 |
|
| 700 | 1 |
_aGalle, Philippe, _d1537-1612 _956566 |
|
| 700 | 1 |
_aGómez Canseco, Luis, _d1963- _956469 |
|
| 700 | 1 |
_aNavarro Antolín, Fernando _956567 |
|
| 830 | 0 |
_93597 _aBibliotheca Montaniana ; _v11 |
|
| 942 | _cMTS | ||
| 999 |
_c28729 _d28729 |
||